000 01031naa a22003257a 4500
001 BR7300737
003 BR-BrBNA
005 20240918173440.0
007 ta
008 230509b bl.||||| |||| 00| 0 por d
040 _aBR-BrBNA
_bpor
_cBiblioteca Nacional de Agricultura
041 _a(Pt)
072 _aH10
_b2110
_b4020
_b3877
_bG514
090 _aH10 BR7300737
100 1 _aVentolcilla, J.A.
111 1 _a6. Semana do Fazendeiro
_cUrucuca, BA (Brazil)
_d20 Sep 1970
245 1 _aPragas do Cacaueiro [Vaquinha; Lagarta; Formiga; Trips]
260 3 _aUrucuca, BA (Brasil):
_c1970.
500 _a6. Semana do Fazendeiro Urucuca, BA (Brasil): 1970. p.22-27 (BR7300737-AM)H10
650 _aCACAU
650 _aVAQUINHA
650 _aLAGARTA
650 _aFORMIGA
650 _aTRIPS
650 _aINSETICIDA
650 _aCONTROLE QUIMICO
773 0 _t6. Semana do Fazendeiro : Agenda /
_w2110 BR6005147
_gUrucuca, BA (Brasil), 1970.
_q119 p.
909 _a202404
_bLucia
_c55
_dLucia Elande
942 _cAM
_2AGRIS
999 _c304658
_d304658